000 00466nam a22001817a 4500
005 20251108170653.0
008 250721s1983 xx 000 0 eng d
020 _a960875409
082 1 4 _a610.917671/SAM
100 1 _aSami, Khalaf Hamarneh
245 1 0 _aHealth sciences in early islam /
264 1 _a[د.م] :
_bNoor heath foundation and zahra,
_c1983.
300 _a358 p.
650 1 7 _aMedicine
650 1 7 _aarabic
942 _2ddc
_cBK
999 _c46210
_d46210